| 000 | 00764nam a2200241 a 4500 | ||
|---|---|---|---|
| 001 | BRCA_7099 | ||
| 005 | 20190320205719.0 | ||
| 008 | 271211s1950----enka######---#000-0#eng-# | ||
| 041 | _aeng | ||
| 044 | _aenk | ||
| 050 | 4 |
_aN1070 _b.A753 1 1950 |
|
| 245 | 1 | 0 |
_aContinental Schools _bexcluding Italian _cdesigned by Sir Charles Holmes |
| 260 |
_aLondres _bTrustees _c1950 |
||
| 300 |
_a417 p. _bil. (800 reproducciones) _c25 cm. |
||
| 440 | 0 |
_aNational Gallery Illustrations _v3 _917638 |
|
| 500 | _aVer también O112 y O115 | ||
| 500 | _aO111 | ||
| 650 | 1 | 4 |
_aPintura europea _vCatálogos _xGaleria Nacional _zInglaterra _917639 |
| 700 | 1 |
_aHolmes, C. J. _d1868-1936 _q(Charles John) _917640 |
|
| 710 | 2 |
_aNational Gallery _917641 |
|
| 902 | _aGFM | ||
| 942 |
_2lcc _cB |
||
| 999 |
_c6780 _d6780 |
||